| 000 | 01907cam a2200433 a 4500 | ||
|---|---|---|---|
| 999 |
_c35009 _d35009 |
||
| 001 | 14000324 | ||
| 003 | OSt | ||
| 005 | 20200131101503.0 | ||
| 008 | 050613s2005 ii b 000 0 eng | ||
| 010 | _a 2004314570 | ||
| 020 | _a8188789259 (Hard) | ||
| 020 | _a8188789240 (pbk.) | ||
| 025 | _aI-E-2004-314570; 95-13; 95-01 | ||
| 037 |
_bLibrary of Congress -- New Delhi Overseas Office _cRs400.00 ($25.00U.S.) |
||
| 040 |
_aDLC _coclc |
||
| 042 | _alcode | ||
| 043 |
_aa-ii--- _ae------ _an-us--- |
||
| 050 | 0 | 0 |
_aDS339.8 _b.R46 2005 |
| 082 |
_a954 _bASS/R |
||
| 100 |
_91680 _aAssayag, Jackie |
||
| 245 | 0 | 0 |
_aRemapping knowledge : _bthe making of South Asian studies in India, Europe, and America, 19th-20th centuries / _cJackie Assayag ; Véronique Bénéï. |
| 250 | _a1st ed. | ||
| 260 |
_aGurgaon, Haryana : _bThree Essays Collective, _c2005. |
||
| 300 |
_a 135 p _c22 cm. |
||
| 490 | 1 | _aReadings | |
| 504 | _aIncludes bibliographical references. | ||
| 505 | 0 | _aSouth Asia, "made in the USA": cultural transfers, universities and the intellectual diaspora / Jackie Assayag -- Nations, diaspora, and area studies : South Asia, from Great Britain to the United States / Véronique Bénéï -- Subaltern studies as post-colonial critique of modernity / Jacques Pouchepadass. | |
| 520 | _aStudies on South Asia and its literature in India, Europe, and the United States; contributed articles. | ||
| 651 | 0 |
_aSouth Asia _xStudy and teaching _zIndia. |
|
| 651 | 0 |
_aSouth Asia _xStudy and teaching _zEurope. |
|
| 651 | 0 |
_aSouth Asia _xStudy and teaching _zUnited States. |
|
| 700 | 1 | _aAssayag, Jackie. | |
| 700 | 1 | _aBénéï, Véronique. | |
| 710 | 2 | _aThree Essays Press. | |
| 830 | 0 | _aReadings (Three Essays Press). | |
| 906 |
_a7 _bcbc _corigode _d3 _encip _f20 _gy-gencatlg |
||
| 942 |
_2ddc _cBK _h954 _iASS/R _k954 _mASS/R |
||